LEADER 01433nam0 22003011i 450 001 UON00297961 005 20231205103950.758 100 $a20070627g19691971 |0itac50 ba 101 $apor 102 $aPT 105 $a||||e ||||| 200 1 $aDicionário de literatura$eliteratura portuguesa,literatura brasileira,literatura galega, estilística literária$fdirecçao Jacinto do Prado Coelho 205 $aPorto : Figueirinhas,1969-1971 210 $a2 v.$cill. ; 25 cm 215 $aVol. 1: A-M$dvol. 2: N-Z. 606 $aLetteratura brasiliana$xDizionari$3UONC064960$2FI 606 $aLetteratura Galiziana$xDizionari$3UONC065375$2FI 606 $aLetteratura portoghese$xDizionari$3UONC058010$2FI 620 $aPT$dPorto$3UONL001524 676 $a869.03$cLetteratura portoghese. Dizionari e concordanze$v21 700 1$aCOELHO$bJacinto : do Prado$3UONV111364$0314861 712 $aFigueirinhas$3UONV266609$4650 801 $aIT$bSOL$c20260220$gRICA 912 $aUON00297961 950 $aSIBA - SISTEMA BIBLIOTECARIO DI ATENEO E ARCHIVIO STORICO$dSI S.C III D 005 b $eSI PO 261 7 005 b 950 $aSIBA - SISTEMA BIBLIOTECARIO DI ATENEO E ARCHIVIO STORICO$dSI S.C III D 005 a $eSI SP 4889 7 005 a 996 $aDicionario de literatura$9901590 997 $aUNIOR